Index to place names appearing on the Normal 1 : 100,000 scale map series of Egypt.
Saved in:
Corporate Author:
Format: Book
Language: English
Published:
Cairo :
Govt. Press,
1932.
Subjects:
Tags: Add Tag
No Tags, Be the first to tag this record!
Call Number: DT45 .A3 1932
| LEADER | 00773namaa2200241 4500 | ||
|---|---|---|---|
| 001 | 11104 | ||
| 003 | OSt | ||
| 005 | 20260318062652.0 | ||
| 008 | 130303s1932 ua b d 000 0 eng d | ||
| 040 | |c ARCE Library | ||
| 043 | |a f-ua--- | ||
| 050 | 4 | |a DT45 .A3 1932 | |
| 110 | 1 | |6 880-01 |a Egypt. |b Maṣlaḥat al-Misāḥah. | |
| 245 | 1 | 0 | |a Index to place names appearing on the Normal 1 : 100,000 scale map series of Egypt. |
| 264 | 1 | |a Cairo : |b Govt. Press, |c 1932. | |
| 300 | |a x, 388 pages : |b folded color map (in pocket) ; |c 28 cm. | ||
| 500 | |a "Co-ordinate card" in pocket. | ||
| 500 | |a "Errata" : [1] page inserted. | ||
| 651 | 0 | |a Egypt |v Gazetteers. | |
| 880 | 1 | |6 100-01/(3/r |a مصر. |b مصلحة المساحة | |
| 901 | |a reviewed | ||
| 942 | |c BK |2 lcc | ||
| 999 | |c 12590 |d 12590 | ||
